| 000 | 01435nam a2200397 i 4500 | ||
|---|---|---|---|
| 001 | 25359 | ||
| 003 | KOSZ 005 | ||
| 005 | 20240405063037.0 | ||
| 008 | 011010s2000 pl f s |000 0 pol d | ||
| 020 | _a8391221423 | ||
| 040 |
_cKOSZ 005 _aKOSZ 005 _dKOSZ 005/HR |
||
| 045 | 1 | _bd1999 | |
| 046 | _k2000 | ||
| 080 | _a331.56/.57(438)"1989/..." | ||
| 080 | _a(083.41) | ||
| 245 | 1 | 0 |
_aBezrobocie w województwie zachodniopomorskim w 1999 r. / _c[oprac. Idalia Dąbrowska]. |
| 260 |
_aSzczecin : _bUS, _c2000. |
||
| 300 |
_a56 s. : _bmapy, wykr. ; _c24 cm. |
||
| 380 | _aDruki ulotne | ||
| 388 | _a1901-2000 | ||
| 388 | _a1989-2000 | ||
| 490 | 1 | _aInformacje i Opracowania Statystyczne / Urząd Statystyczny w Szczecinie | |
| 648 | _a1901-2000 | ||
| 648 | _a1989-2000 | ||
| 650 | 4 | _aBezrobocie | |
| 650 | 4 | _aZatrudnienie | |
| 651 | 4 | _aSzczecin (woj. zachodniopomorskie ; okolice) | |
| 651 | 4 | _aWojewództwo zachodniopomorskie (1999- ) | |
| 655 | 4 | _aDane statystyczne | |
| 658 | _aGospodarka, ekonomia, finanse | ||
| 700 | 1 |
_aDąbrowska, Idalia _eOpracowanie |
|
| 710 | 0 |
_aUrząd Statystyczny (Szczecin) _4pbl. |
|
| 830 | 0 | _aInformacje i Opracowania Statystyczne - Główny Urząd Statystyczny | |
| 856 |
_uhttp://koha.tu.koszalin.pl/cgi-bin/koha/opac-detail.pl?biblionumber=25359 _yKatalog online BPK |
||
| 942 |
_cKS _2UKD |
||
| 999 |
_c25359 _d25359 |
||